000
00330nam a2200133Ia 4500
008
240624s9999 xx 000 0 und d
041
_a
eng
082
_a
332.64 LAB
100
_a
LABUSZEWSKI JOHN W
245
_a
CME GROUP RISK MANAGEMENT HANDBOOK PRODU
260
_c
2010
_a
Hoboken
_b
Wiley
300
_a
624 : p.
365
_c
_b
28
999
_c
21433
_d
21433